[Event "Challenge"]
[Site "http://www.queenalice.com/game.php?id=443486"]
[Date "2008.8.4"]
[Round "-"]
[White "capeleite"]
[Black "Ahlkhanvio"]
[Result "1-0"]
[WhiteElo "2183"]
[BlackElo "2165"]

1. e4 e6 2. d4 d5 3. Nc3 Nf6 4. Bg5 Be7 5. e5 Nfd7 6. Bxe7 Qxe7 7. Nf3 a6 8. Be2
c5 9. dxc5 Qxc5 10. O-O Nc6 11. Re1 O-O 12. Bd3 Qb6 13. Rb1 Qc7 14. Bxh7+ Kxh7
15. Ng5+ Kh6 16. Qd2 Kg6 17. Qd3+ Kxg5 18. f4+ Kh6 19. Qh3+ Kg6 20. f5+ exf5 21.
Nxd5 Qxe5 22. Rxe5 Ncxe5 23. Nf4+ Kf6 24. Qh4+ g5 25. Qh6+ Ng6 26. Nd5+ Ke5 27.
Rd1 Nc5 28. Qg7+ Kd6 29. Qc3 Rb8 30. Nb6+ 1-0

[Event "Challenge"]
[Site "http://www.queenalice.com/game.php?id=448546"]
[Date "2008.8.14"]
[Round "-"]
[White "capeleite"]
[Black "Kiwizany"]
[Result "1-0"]
[WhiteElo "2171"]
[BlackElo "2157"]

1. e4 c6 2. d4 d5 3. Nc3 dxe4 4. Nxe4 Nd7 5. Nf3 Ngf6 6. Ng3 g6 7. Bd3 Bg7 8.
O-O O-O 9. Re1 c5 10. c3 cxd4 11. cxd4 Nb6 12. a4 Be6 13. a5 Nbd5 14. Bd2 Qd6
15. Qa4 Rfd8 16. Rac1 Rac8 17. Bc4 h6 18. Ne5 a6 19. Qb3 Rb8 20. Nd3 Ng4 21. Bc3
h5 22. Ne5 Ngf6 23. Bd2 h4 24. Ne2 Ne4 25. Be3 h3 26. Nf4 hxg2 27. Nxe6 Qxe6 28.
Bf4 Nxf2 29. Bg3 Nh3+ 30. Kxg2 Bxe5 31. Bxe5 Ndf4+ 32. Kg3 Qg4+ 33. Kxg4 1-0

[Event "Challenge"]
[Site "http://www.queenalice.com/game.php?id=518332"]
[Date "2009.1.7"]
[Round "-"]
[White "capeleite"]
[Black "Kiwizany"]
[Result "0-1"]
[WhiteElo "2195"]
[BlackElo "2313"]

1. e4 c6 2. d4 d5 3. Nc3 dxe4 4. Nxe4 Nd7 5. Nf3 Ngf6 6. Ng3 c5 7. d5 h5 8. c4
h4 9. Ne2 Nb6 10. Nf4 h3 11. Qc2 hxg2 12. Bxg2 Qd7 13. h4 Qf5 14. Qe2 g6 15. Be3
Ng4 16. Rc1 Bh6 17. Bxc5 O-O 18. Nd3 Bxc1 19. Nxc1 Qf4 20. O-O Qxc4 21. Qxe7 Bf5
22. b3 Qc3 23. Ne2 Qa5 24. Bb4 Qxa2 25. Nc3 Qb2 26. Nd1 Qxb3 27. Nd4 Qd3 28.
Nxf5 Rfe8 29. Qxb7 gxf5 30. Bc5 Rab8 31. Qxa7 Nxd5 32. Qa3 Qxa3 33. Bxa3 Nf4 34.
Bc6 Re6 35. Bd7 Ra6 36. Be7 Nh3+ 37. Kg2 Nhxf2 38. Bc5 Rg6 39. Rxf2 Nxf2+ 40.
Kxf2 Rd8 41. h5 Rxd7 42. hxg6 Rxd1 43. gxf7+ Kxf7 44. Kf3 Ke6 45. Be3 Kd5 46.
Bg5 Rh1 47. Bd2 Kc4 48. Bg5 Kd4 49. Bf6+ Kd3 50. Kg2 Rh6 51. Be7 Ke4 52. Bb4 f4
53. Kf2 Rh2+ 54. Ke1 Kf3 55. Bd6 Rh6 0-1

[Event "Challenge"]
[Site "http://www.queenalice.com/game.php?id=526602"]
[Date "2009.1.21"]
[Round "-"]
[White "m"]
[Black "capeleite"]
[Result "0-1"]
[WhiteElo "2060"]
[BlackElo "2195"]

1. e4 c5 2. Nf3 d6 3. d4 cxd4 4. Nxd4 Nf6 5. Nc3 a6 6. h3 b5 7. a3 e5 8. Nb3 Bb7
9. Bd3 Nbd7 10. O-O Be7 11. f4 Qb6+ 12. Kh2 O-O 13. Qe2 d5 14. fxe5 Nxe5 15.
exd5 Nxd5 16. Nxd5 Bxd5 17. Bf4 Nxd3 18. Qxd3 Bc4 19. Qg3 Bxf1 20. Rxf1 Rad8 21.
Kh1 Bd6 22. Bxd6 Rxd6 23. c3 Rf6 24. Rf4 Qd6 25. Rg4 Qd1+ 26. Kh2 Qxb3 27. Rxg7+
Kh8 28. Rg5 Qxb2 29. Qe5 Qf2 30. Rg3 Rg8 31. Rxg8+ Kxg8 32. Qe8+ Kg7 33. Qa8
Qf4+ 34. Kg1 Qe3+ 35. Kh2 Qe5+ 36. Kg1 Qe1+ 37. Kh2 Rf1 0-1

[Event "Challenge"]
[Site "http://www.queenalice.com/game.php?id=526603"]
[Date "2009.1.21"]
[Round "-"]
[White "capeleite"]
[Black "m"]
[Result "1-0"]
[WhiteElo "2187"]
[BlackElo "2044"]

1. e4 c5 2. Nf3 d6 3. d4 cxd4 4. Nxd4 Nf6 5. Nc3 e5 6. Bb5+ Bd7 7. Bxd7+ Nbxd7
8. Nf5 Qb6 9. O-O g6 10. Ne3 Be7 11. Ned5 Qd8 12. Bh6 Bf8 13. Bg5 Bg7 14. Nb5
O-O 15. Nxd6 Qa5 16. c4 Nxd5 17. Qxd5 Qxd5 18. cxd5 Nc5 19. Rac1 b6 20. Rfd1 h6
21. Be7 Rfb8 22. b3 Bf8 23. Bxf8 Rxf8 24. b4 Na6 25. a3 Rad8 26. Nb5 Rd7 27. d6
f6 28. f3 Kf7 29. Rd3 Ke6 30. Rd5 f5 31. f4 exf4 32. Nd4+ Kf6 33. e5+ Kg7 34.
Ne6+ Kf7 35. Nxf8 Kxf8 36. e6 1-0

[Event "Challenge"]
[Site "http://www.queenalice.com/game.php?id=535568"]
[Date "2009.2.5"]
[Round "-"]
[White "capeleite"]
[Black "francky78"]
[Result "1-0"]
[WhiteElo "2194"]
[BlackElo "1644"]

1. e4 c5 2. Nf3 d6 3. d4 cxd4 4. Nxd4 a6 5. Nc3 e5 6. Nf3 Be7 7. Bc4 h6 8. Qd5
Be6 9. Qxb7 Nd7 10. Bd5 Bxd5 11. Nxd5 Rc8 12. Qxa6 Nc5 13. Qb5+ Kf8 14. Be3 Nxe4
15. Nb6 Rc7 16. c4 Ngf6 17. O-O g6 18. a4 Kg7 19. a5 Nc5 20. a6 Ra7 21. Bxc5
dxc5 22. Nxe5 Bd6 23. Nc6 1-0

[Event "Challenge"]
[Site "http://www.queenalice.com/game.php?id=657116"]
[Date "2009.9.24"]
[Round "-"]
[White "alfonso"]
[Black "capeleite"]
[Result "0-1"]
[WhiteElo "1427"]
[BlackElo "2203"]

1. e4 c5 2. Qh5 e6 3. d3 d5 4. e5 Nc6 5. Bg5 Qb6 6. b3 Nxe5 7. Nf3 Ng6 8. Nc3
Nf6 9. Qh3 e5 10. Qg3 Nh5 11. Nxd5 Qd6 12. c4 Nxg3 13. hxg3 Ne7 14. Nc3 f6 15.
Nb5 Qb6 16. Be2 fxg5 17. Nxg5 Ng6 18. Bh5 Bf5 19. Rd1 Be7 20. Nf3 Qa5+ 21. Rd2
O-O 22. O-O a6 23. g4 Nh4 24. Nxe5 Qxd2 25. gxf5 axb5 26. cxb5 Rxf5 27. Nc4 Qg5
28. g4 Qf4 29. Ne3 Nf3+ 30. Kg2 Qh2# 0-1

[Event "Challenge"]
[Site "http://www.queenalice.com/game.php?id=658923"]
[Date "2009.9.27"]
[Round "-"]
[White "maluca"]
[Black "capeleite"]
[Result "0-1"]
[WhiteElo "2136"]
[BlackElo "2221"]

1. e4 c5 2. d4 cxd4 3. Qxd4 Nc6 4. Qd1 Nf6 5. Nc3 e5 6. Bd3 d5 7. exd5 Nxd5 8.
Nge2 Ndb4 9. Be4 Qxd1+ 10. Kxd1 f5 11. Nb5 fxe4 12. Nc7+ Kf7 13. Nxa8 Be7 14.
Bd2 Bg4 15. f3 Rd8 16. Kc1 exf3 17. gxf3 Bf5 18. Ng3 Bg6 19. Nc7 Nxc2 20. Rb1
N2b4 21. Ra1 Nd4 22. Bxb4 Bxb4 23. Ne4 Rc8 24. Rf1 Rxc7+ 25. Kd1 Rc2 26. Rc1
Rxb2 27. Rf2 Bxe4 28. Rc7+ Kf6 29. Rxb2 Bxf3+ 30. Kc1 Ba3 31. Kb1 Bxb2 32. Kxb2
Bc6 0-1

[Event "Desafio #01"]
[Site "http://www.queenalice.com/game.php?id=660199"]
[Date "2009.9.29"]
[Round "-"]
[White "Aylton"]
[Black "capeleite"]
[Result "0-1"]
[WhiteElo "1966"]
[BlackElo "2208"]

1. d4 Nf6 2. Nf3 d5 3. e3 e6 4. c4 Be7 5. Nc3 O-O 6. a3 c5 7. dxc5 Ne4 8. Nxe4
dxe4 9. Qxd8 Rxd8 10. Nd2 f5 11. b4 a5 12. Bb2 axb4 13. axb4 Rxa1+ 14. Bxa1 Na6
15. Bc3 Bf6 16. Bxf6 gxf6 17. b5 Nxc5 18. f3 exf3 19. gxf3 b6 20. Ke2 e5 21.
Rg1+ Kh8 22. Bh3 Be6 23. Ra1 Rxd2+ 24. Kxd2 Nb3+ 25. Kc3 Nxa1 26. Bf1 Kg7 27.
Kb2 Kg6 28. Kxa1 Kg5 29. Kb2 f4 30. e4 f5 31. Bh3 Bxc4 32. Bxf5 Be2 33. Bxh7
Bxf3 34. Kc3 Kg4 35. Bf5+ Kh4 36. Kd3 Bg4 37. Bg6 Kh3 38. Bf7 Kxh2 39. Bb3 f3
40. Ke3 Kg1 41. Bc4 f2 0-1

[Event "Desafio #02"]
[Site "http://www.queenalice.com/game.php?id=660200"]
[Date "2009.9.29"]
[Round "-"]
[White "capeleite"]
[Black "Aylton"]
[Result "1-0"]
[WhiteElo "2204"]
[BlackElo "1930"]

1. e4 c5 2. Nf3 Nc6 3. d4 cxd4 4. Nxd4 e5 5. Nb5 d6 6. c4 a6 7. N5c3 f5 8. Nd5
Nf6 9. Nbc3 fxe4 10. Be3 Kf7 11. Bb6 Qd7 12. Be2 g6 13. Nxf6 Kxf6 14. Nxe4+ Kf7
15. O-O Be7 16. Qd2 Rf8 17. Rad1 Nd4 18. Bxd4 exd4 19. Qxd4 Rd8 20. Bf3 Rb8 21.
Ng5+ Bxg5 22. Bd5+ Kf8 23. Qh8+ Ke7 24. Qg7+ Ke8 25. Qg8+ 1-0

[Event "Desafio #03"]
[Site "http://www.queenalice.com/game.php?id=666289"]
[Date "2009.10.12"]
[Round "-"]
[White "Aylton"]
[Black "capeleite"]
[Result "0-1"]
[WhiteElo "1933"]
[BlackElo "2213"]

1. f4 Nf6 2. Nf3 d5 3. d3 Nc6 4. e3 Bg4 5. h3 Bxf3 6. Qxf3 e5 7. fxe5 Nxe5 8.
Qd1 Bb4+ 9. c3 Bd6 10. Be2 O-O 11. O-O c5 12. d4 Nc6 13. a3 Ne4 14. Bf3 Qg5 15.
Bxe4 dxe4 16. dxc5 Qxc5 17. b4 Qe5 18. Qc2 Qh2+ 19. Kf2 Bg3+ 0-1

[Event "Desafio #04"]
[Site "http://www.queenalice.com/game.php?id=666290"]
[Date "2009.10.12"]
[Round "-"]
[White "capeleite"]
[Black "Aylton"]
[Result "1-0"]
[WhiteElo "2217"]
[BlackElo "1954"]

1. e4 e6 2. d4 d5 3. Nc3 Bb4 4. e5 Bxc3+ 5. bxc3 Ne7 6. Bd3 c5 7. Nf3 c4 8. Be2
Nbc6 9. O-O h6 10. a4 O-O 11. Ba3 Re8 12. Nh4 g5 13. Nf3 Kg7 14. Qd2 f5 15.
exf6+ Kxf6 16. Ne5 Nxe5 17. dxe5+ Kg6 18. f4 Rf8 19. fxg5 hxg5 20. Rxf8 Qxf8 21.
Rf1 Qg7 22. Bxe7 Qxe7 23. Rf6+ Qxf6 24. exf6 Kxf6 25. Qd4+ Kg6 26. Bh5+ Kxh5 27.
Qg7 a5 28. h3 Kh4 29. Qh6+ 1-0

[Event "Challenge"]
[Site "http://www.queenalice.com/game.php?id=667891"]
[Date "2009.10.16"]
[Round "-"]
[White "capeleite"]
[Black "sinTeoria"]
[Result "1-0"]
[WhiteElo "2230"]
[BlackElo "1400"]

1. e4 e5 2. Nf3 Nc6 3. Bb5 a6 4. Bxc6 dxc6 5. O-O Bd6 6. d4 Qe7 7. dxe5 Bxe5 8.
Nxe5 Qxe5 9. Nc3 Nf6 10. Qf3 O-O 11. Bf4 Qe7 12. Bg5 Qe5 13. Bxf6 Qxf6 14. Qxf6
gxf6 15. Rad1 Be6 16. f4 f5 17. e5 Rad8 18. Kf2 Bd5 19. Rfe1 Rd7 20. Re3 Rfd8
21. Red3 Kg7 22. Na4 b6 23. c4 Be6 24. Rxd7 Rxd7 25. Rxd7 1-0

[Event "Challenge"]
[Site "http://www.queenalice.com/game.php?id=722961"]
[Date "2010.1.30"]
[Round "-"]
[White "capeleite"]
[Black "neromann"]
[Result "0-1"]
[WhiteElo "2231"]
[BlackElo "2165"]

1. e4 c5 2. Nf3 a6 3. d4 cxd4 4. Nxd4 Nf6 5. Nc3 e5 6. Nf3 Bb4 7. Bd2 d6 8. Bd3
O-O 9. a3 Bxc3 10. Bxc3 Nc6 11. O-O Bd7 12. Qd2 h6 13. h3 Nh5 14. Rfd1 Qf6 15.
Bc4 Rad8 16. Qxd6 Be6 17. Qc5 Bxh3 0-1

[Event "Challenge"]
[Site "http://www.queenalice.com/game.php?id=864480"]
[Date "2010.11.27"]
[Round "-"]
[White "capeleite"]
[Black "Zwartkijker"]
[Result "1-0"]
[WhiteElo "2230"]
[BlackElo "2279"]

1. e4 d6 2. d4 Nf6 3. Nc3 g6 4. Nf3 Bg7 5. Bc4 c6 6. O-O b5 7. Be2 b4 8. e5 dxe5
9. dxe5 Ng4 10. Qxd8+ Kxd8 11. Ne4 Nxe5 12. Rd1+ Ke8 13. Nxe5 Bxe5 14. a3 bxa3
15. Rxa3 Bf5 16. Bf3 h5 17. b4 f6 18. c4 g5 19. Nxg5 fxg5 20. Ra5 Bc2 21. Rd2
Bc7 22. Bb2 Rh6 23. Rxg5 Bb3 24. Bxh5+ Rxh5 25. Rxh5 Bxc4 26. Rh8+ Kf7 27. Rh7+
Ke6 28. Rh6+ Kf7 29. Rh4 Bd5 30. Rh7+ Kf8 31. Rh8+ Kf7 32. Re2 Bd6 33. Bc3 c5
34. bxc5 Bxc5 35. Rh7+ Ke8 36. Rh5 Bc4 37. Re4 Bd3 38. Rg4 Bd6 39. Bb4 Kd7 40.
Bxd6 exd6 41. Rd4 Bg6 42. Rhd5 Ke7 43. Rxd6 Bf5 44. Rd8 a5 45. Rh8 Bd7 46. f3 a4
47. Rb4 1-0

[Event "Challenge"]
[Site "http://www.queenalice.com/game.php?id=864481"]
[Date "2010.11.27"]
[Round "-"]
[White "capeleite"]
[Black "foudangereux"]
[Result "0-1"]
[WhiteElo "2243"]
[BlackElo "2345"]

1. e4 c5 2. Nf3 d6 3. d4 cxd4 4. Nxd4 Nf6 5. Nc3 a6 6. Be2 e5 7. Nb3 Be7 8. O-O
O-O 9. Be3 Be6 10. Nd5 Nxd5 11. exd5 Bf5 12. Qd2 Nd7 13. f4 Be4 14. fxe5 Nxe5
15. c4 Rc8 16. Rac1 Re8 17. Qd4 Bg6 18. c5 h5 19. h3 Bf6 20. Qd2 Be4 21. Na5 Rb8
22. c6 bxc6 23. dxc6 Rxb2 24. c7 Qc8 25. Qxb2 Nf3+ 26. gxf3 Bxb2 27. fxe4 Qxh3
28. c8=Q Rxc8 29. Rxc8+ Qxc8 30. Nc4 Bf6 31. Nxd6 Qe6 32. Rd1 Qe5 33. Kf1 h4 34.
Bf3 h3 35. Nf5 Kh7 36. Nd4 Qg3 37. Bf2 Qc7 38. Ne2 Qc2 39. Rd5 Qb1+ 40. Be1 g6
41. Rc5 Qd3 42. Bh1 Kg7 43. Rd5 Qb1 44. Rc5 Qxa2 45. Bc3 Qb1+ 46. Be1 a5 47. Rc1
Qb5 48. Bg3 a4 0-1